| 000 | 00602nam a2200169 4500 | ||
|---|---|---|---|
| 999 |
_c17388 _d17388 |
||
| 008 | 221005b ||||| |||| 00| 0 eng d | ||
| 020 | _a9781683926542 | ||
| 082 |
_22021 _aDC 005.13/3 _bC154 |
||
| 100 |
_aCampesato, Oswald. _946264 |
||
| 245 |
_aPython 3 and data analytics : _bpocket primer / _cOswald Campesato. |
||
| 260 |
_aDulles, Virginia : _bMercury Learning and Information, _c©2021. |
||
| 300 |
_axix, pages 238 pages : _billustrations ; _c23 cm. |
||
| 500 | _aIncludes index. | ||
| 650 |
_aComputer science. _946265 |
||
| 650 |
_aPython (Computer program language). _931574 |
||
| 942 |
_2ddc _cDC |
||